Quiz des villes française - mort subite - Statistiques

Statistiques générales
  • Ce quiz a été pris 472 fois
  • Le résultat moyen est 15 sur 19
Answers on the Grid
Answers color-coded by a green-red scale on the quiz's grid according to % correct below.
Perpignan
Saint-Mirabel
Rodez
Montelune
Niort
Fontelieu
Bayonne
Châteauneuf-du-Pape
Boisclair
Poitiers
Cléribourg
Avignon
Dax
Brive-sur-Roche
Colmar
Arras
Verdaille
Albi
Asnieres-sur-Seine
Saint-Jean-de-Luz
Belloy-sur-Seine
Vannes
Marseille
Saint-Flour
Trévac
Évry
Dijon
Castelmaure
Grenoble
Lion
 
Statistiques - réponses
Réponse % Correct
Perpignan
98%
Avignon
90%
Poitiers
89%
Bayonne
87%
Niort
85%
Colmar
83%
Dijon
83%
Grenoble
83%
Marseille
83%
Évry
79%
Vannes
79%
Arras
78%
Rodez
78%
Dax
77%
Albi
76%
Saint-Jean-de-Luz
72%
Asnieres-sur-Seine
59%
Châteauneuf-du-Pape
54%
Saint-Flour
32%
Aucun quiz correspondant
Distribution des résultats
% des personnes avec chaque résultat
Percentile par nombre de réponses
Votre historique - résultats
Vous n’avez pas pris ce quiz